000 00602nam a2200217Ia 4500
005 20260430150159.0
008 008 250103s9999 xx 000 0 eng d
037 _aTheses
040 _aCRL
040 _beng
040 _ceng
041 _2eng
041 _aeng
084 _qCRL
100 _aHaque Reyazul Au.; Mohammad Akram Gu.
_91236708
245 0 _aContribution of Abdul Wahhab Mutawe to development of arabic fiction: an analytical study
260 _c2022
700 _aUniversity of Delhi. Arts Faculty. Arabic Department
_91236709
942 _cTH
999 _c1849149
_d1849149